Statistiques concernant Mots en Y par définition

Cliquez ici pour prendre le quiz!

Statistiques générales

  • Ce quiz a été pris 148 fois
  • Le résultat moyen est 11 sur 16

Statistiques - réponses

GenreDéfinitionMot% Correct
Nom MasculinUnité monétaire principale du Japon.Yen
95%
Nom MasculinDiscipline spirituelle et corporelle qui vise à libérer l'esprit des contraintes du corps par la maîtrise de son mouvement, de son rythme et du souffle.Yoga
94%
Nom FémininTente démontable, à armature extensible de bois, sur laquelle sont tendues des plaques de feutre. C'est l'habitation des nomades turcs et mongols d'Asie centrale.Yourte
91%
Nom MasculinGros mammifère ruminant (bovidé), sauvage ou domestique, des hauts plateaux de l'Asie centrale.Yack
88%
Nom MasculinDans la pensée chinoise, un des deux états de la réalité, correspondant par exemple au versant éclairé de la montagne, à l'activité, au soleil, à la chaleur, au jour, à l'homme, etc.Yang
87%
Nom MasculinDans la pensée chinoise, un des deux états de la réalité, correspondant par exemple au versant non éclairé d'une montagne, à la passivité, à l'humidité, à la nuit, à la femme, etc.Yin
87%
Nom MasculinBâtiment de plaisance (à voile, à moteur ou mixte), de compétition, de cérémonie ou d'apparat.Yacht
85%
Nom Masculin InvariableJeu formé de deux disques reliés par un axe, qu'on fait descendre et monter le long d'un fil.Yoyo
85%
Nom MasculinUnité principale de longueur (symbole yd) du système de mesures coutumier dans les pays anglo-saxons, valant 0,914 m.Yard
82%
InterjectionFamilier. Cri de joie, d'enthousiasme.Youpi
72%
Nom MasculinLait caillé ayant subi une fermentation acide.Yaourt
68%
NomSobriquet donné par les Anglais aux colons révoltés de la Nouvelle-Angleterre, puis par les sudistes aux nordistes et, depuis, appliqué à tous les habitants anglo-saxons des États-Unis.Yankee
57%
Nom FémininEmbarcation légère, étroite et allongée, propulsée à l'aviron.Yole
38%
Nom MasculinAgrume très parfumé, originaire de l'est de l'Asie, également appelé citron du Japon.Yuzu
38%
Nom MasculinChant populaire sans paroles exécuté en vocalises sur des syllabes en changeant brusquement de registre (voix de tête, voix de poitrine) et avec de grands intervalles (Tyrol, Polynésie, Chine et Inde orientale).Yodler
15%
Nom MasculinMétal blanc argent, brillant, du groupe des lanthanides. Élément chimique de symbole Yb, de numéro atomique 70 et de masse atomique 173,04.Ytterbium
15%

Distribution des résultats

Percentile par nombre de réponses

% des personnes avec chaque résultat

Votre développement - résultats

Vous n’avez pas pris ce quiz